[Event "Ostravský koník 2014 - MÈR"]
[Site "Ostrava, CZE"]
[Date "2014.05.02"]
[Round "7"]
[White "Vesely, Martin"]
[Black "Chlevistan, Jakub"]
[Result "0-1"]
[WhiteElo "2156"]
[BlackElo "2142"]
[PlyCount "88"]

1. d4 Nf6 2. Nf3 e6 3. g3 b6 4. Bg2 Bb7 5. O-O c5 6. Nc3 Be7 7. Bf4 cxd4 8.
Nxd4 Bxg2 9. Kxg2 a6 10. Qd3 d5 11. Bxb8 Qxb8 12. Nc6 Qb7 13. Nxe7 d4+ 14. Ncd5
Nxd5 15. Nxd5 Qxd5+ 16. e4 dxe3+ 17. Qxd5 exd5 18. fxe3 Rc8 19. c3 Ke7 20. Kf2
Rc6 21. Ke2 Rf6 22. Kd3 Rxf1 23. Rxf1 Ke6 24. Kd4 g5 25. a4 h5 26. a5 bxa5 27.
Ra1 Rb8 28. Rxa5 Rxb2 29. Rxa6+ Kf5 30. Kxd5 Rd2+ 31. Kc5 Rxh2 32. c4 h4 33.
gxh4 g4 34. Ra1 g3 35. Kd6 g2 36. Rg1 Ke4 37. c5 Kf3 38. c6 Rxh4 39. c7 Rc4 40.
Kd7 Kf2 41. Ra1 g1=Q 42. Rxg1 Kxg1 43. e4 Kf2 44. e5 Kf3 0-1

[Event "Ostravský koník 2014 - MÈR"]
[Site "Ostrava, CZE"]
[Date "2014.05.02"]
[Round "7"]
[White "Richterova, Natasa"]
[Black "Ockay, Tomas"]
[Result "1/2-1/2"]
[WhiteElo "2034"]
[BlackElo "2154"]
[PlyCount "95"]

1. e4 c6 2. d4 d5 3. Nd2 dxe4 4. Nxe4 Nd7 5. Ng5 Ngf6 6. Bd3 Qc7 7. Qe2 e6 8.
N1f3 h6 9. Nxe6 fxe6 10. Bg6+ Kd8 11. O-O Bd6 12. c4 Nf8 13. Bc2 Bd7 14. b4 Be8
15. a4 Bh5 16. h3 g5 17. Bb2 Qf7 18. g4 Bg6 19. Bb3 Rh7 20. b5 Kc7 21. Ne5 Bxe5
22. Qxe5+ Kd8 23. bxc6 bxc6 24. d5 N6d7 25. Qe3 cxd5 26. cxd5 e5 27. Bc3 Qf4
28. Ba5+ Ke8 29. Qe2 Rf7 30. d6 Rf6 31. Bd5 Rb8 32. Bc7 Qb4 33. Bxb8 Qxb8 34.
Rac1 Rxd6 35. Bc6 Bd3 36. Qxe5+ Kf7 37. Bd5+ Kg6 38. Be4+ Bxe4 39. Qxe4+ Kf7
40. f4 Qb6+ 41. Kh1 Nf6 42. fxg5 hxg5 43. Rb1 Qa6 44. Qf5 Qc6+ 45. Kg1 Rd2 46.
Qf3 Qc5+ 47. Kh1 Qc6 {Qf5 Qd6} 48. Rb7+ {Rd5 Rbb1 Qc6 Kg1} 1/2-1/2

[Event "Ostravský koník 2014 - MÈR"]
[Site "Ostrava, CZE"]
[Date "2014.05.02"]
[Round "7"]
[White "Dostal, Radim"]
[Black "Pacl, Vaclav"]
[Result "1/2-1/2"]
[WhiteElo "2043"]
[BlackElo "2150"]
[PlyCount "127"]

1. e4 d5 2. exd5 Qxd5 3. Nc3 Qd8 4. d4 Nf6 5. Bc4 a6 6. Nf3 b5 7. Bb3 c5 8.
dxc5 Qxd1+ 9. Nxd1 e6 10. a4 b4 11. Ne5 Bxc5 12. a5 Bb7 13. Ba4+ Ke7 14. Ne3
Nd5 15. Nxd5+ Bxd5 16. O-O Rc8 17. Bd2 Ra7 18. Nd3 Rb7 19. Nxc5 Rxc5 20. c3 b3
21. Be3 Rxa5 22. Bd4 f6 23. Ra3 Bc4 24. Rd1 Bb5 25. Bxb3 Rxa3 26. Bc5+ Kf7 27.
Bxa3 Bd7 28. Bc4 a5 29. f4 f5 30. Be2 Bc6 31. b4 axb4 32. cxb4 Nd7 33. b5 Bd5
34. Rc1 Nb6 35. Bd6 Ke8 36. Rc7 Rxc7 37. Bxc7 Na8 38. Ba5 Kd7 39. Kf2 Kc8 40.
g3 Kb7 41. Ke3 Nb6 42. Kd4 Nd7 43. Bd3 Nf6 44. Bd8 Ne4 45. Ke5 Kc8 46. Ba5 Kd7
47. Bb4 Nf6 48. Be2 Kc7 49. Ba5+ Kd7 50. h3 h5 51. Bd3 Bg2 52. Bc4 Nd5 53. Bxd5
Bxd5 54. Kd4 Bg2 55. h4 Bf3 56. Kc5 Be4 57. Bc3 g6 58. Ba5 Bd5 59. Kd4 Bb3 60.
Ke5 Ba4 61. b6 Bc6 62. Kf6 Bf3 63. Kxg6 Kc6 64. Kf6 1/2-1/2

[Event "Ostravský koník 2014 - MÈR"]
[Site "Ostrava, CZE"]
[Date "2014.05.02"]
[Round "7"]
[White "Olsar, Jaroslav"]
[Black "Kolar, Stanislav"]
[Result "1-0"]
[WhiteElo "2267"]
[BlackElo "2081"]
[PlyCount "131"]

1. e4 c6 2. d4 d5 3. Nc3 dxe4 4. Nxe4 Bf5 5. Ng3 Bg6 6. h4 Nf6 7. h5 Be4 8.
Nxe4 Nxe4 9. Nf3 e6 10. Bd3 Nf6 11. Qe2 Nbd7 12. Bd2 Bd6 13. O-O-O Qc7 14. g3
O-O-O 15. Kb1 Kb8 16. h6 g6 17. c4 c5 18. Bc3 Rhe8 19. dxc5 Bxc5 20. Ng5 Rf8
21. f4 Ka8 22. Bc2 a5 23. Qe1 b6 24. Ba4 Bb4 25. Bxb4 axb4 26. Bxd7 Rxd7 27.
Qxb4 Rfd8 28. Rxd7 Qxd7 29. a3 Ne4 30. Nxe4 Qd3+ 31. Ka2 Qxe4 32. Rc1 Qd4 33.
Qb5 Qc5 34. Qa4+ Kb7 35. Rc3 f6 36. Qc2 Rd4 37. Qe2 e5 38. fxe5 fxe5 39. Qf3+
Kc7 40. Qf7+ Rd7 41. Qf3 Rd4 42. b4 Qe7 43. Qa8 Qe6 44. Kb3 e4 45. Qa7+ Kc8 46.
Qxh7 e3 47. Qa7 Rd7 48. Qa8+ Kc7 49. h7 Rxh7 50. Qa7+ Kc8 51. Qxh7 e2 52. Qh8+
Kc7 53. Qg7+ Kc8 54. Rc1 e1=Q 55. Rxe1 Qxe1 56. Qxg6 Qd1+ 57. Qc2 Qf3+ 58. Ka4
Qxg3 59. Qe4 Qd6 60. Kb5 Kc7 61. Ka6 b5+ 62. Kxb5 Qb6+ 63. Ka4 Qa7+ 64. Kb3 Qg1
65. Qe7+ Kc8 66. Qc5+ 1-0

[Event "Ostravský koník 2014 - MÈR"]
[Site "Ostrava, CZE"]
[Date "2014.05.02"]
[Round "7"]
[White "Didi, Jan"]
[Black "Soural, Jan"]
[Result "0-1"]
[WhiteElo "2069"]
[BlackElo "2194"]
[PlyCount "110"]

1. e4 c5 2. Nf3 d6 3. d4 cxd4 4. Nxd4 Nf6 5. Nc3 a6 6. Be2 e6 7. a4 Be7 8. O-O
O-O 9. Be3 Qc7 10. f4 b6 11. Kh1 Bb7 12. Bd3 Nbd7 13. Qf3 Nc5 14. Rae1 d5 15.
e5 Nfe4 16. Bxe4 Nxe4 17. Nxe4 dxe4 18. Qg3 Rfe8 19. f5 Bf8 20. f6 g6 21. h4
Red8 22. c3 Bd5 23. h5 Rd7 24. Bg5 Rb8 25. Qf4 Rb7 26. Re3 Qb8 27. Qg3 b5 28.
axb5 axb5 29. b4 Ra7 30. Bf4 Ra2 31. Qh4 Qb7 32. Qg4 Qb6 33. Bg5 Raa7 34. Qf4
Qb8 35. Bh6 Rab7 36. Bg5 Ra7 37. Rf2 Rab7 38. Re1 Ra7 39. Ne2 Ra3 40. Ref1 Raa7
41. Nd4 Bc4 42. Nc6 Qe8 43. Nxa7 Bxf1 44. Nc6 Bd3 45. Ne7+ Rxe7 46. fxe7 Bxe7
47. hxg6 fxg6 48. Bh6 g5 49. Qh2 e3 50. Rf3 e2 51. Qg1 Be4 52. Re3 Qh5+ 53. Qh2
Qg4 54. Kg1 Bd8 55. Kf2 Bb6 0-1

[Event "Ostravský koník 2014 - MÈR"]
[Site "Ostrava, CZE"]
[Date "2014.05.02"]
[Round "7"]
[White "Hladik, Lumir"]
[Black "Novosadova, Kristyna"]
[Result "1/2-1/2"]
[WhiteElo "2034"]
[BlackElo "2187"]
[PlyCount "62"]

1. e4 e5 2. Nf3 Nc6 3. Bb5 a6 4. Ba4 Nf6 5. O-O Be7 6. Re1 b5 7. Bb3 O-O 8. c3
d5 9. exd5 Nxd5 10. Nxe5 Nxe5 11. Rxe5 c6 12. d4 Bd6 13. Re1 Qh4 14. g3 Qh3 15.
Qd3 Bg4 16. Qf1 Qh5 17. Be3 Rae8 18. Nd2 f5 19. f4 Kh8 20. Bxd5 cxd5 21. Qg2
Rd8 22. Qxd5 g5 23. Qc6 gxf4 24. Bxf4 Bxf4 25. gxf4 Rc8 26. Qd5 Rg8 27. Qe5+
Rg7 28. Re3 Bf3+ 29. Kf1 Qh3+ 30. Ke1 Qh4+ 31. Kf1 Qh3+ 1/2-1/2

[Event "Ostravský koník 2014 - MÈR"]
[Site "Ostrava, CZE"]
[Date "2014.05.02"]
[Round "7"]
[White "Kozusek, Daniel"]
[Black "Miculka, Petr"]
[Result "0-1"]
[WhiteElo "2098"]
[BlackElo "2017"]
[PlyCount "48"]

1. d4 Nf6 2. c4 g6 3. Nc3 Bg7 4. e4 d6 5. Nf3 O-O 6. h3 e5 7. d5 Nbd7 8. Be3
Nc5 9. Nd2 a5 10. Be2 Ne8 11. g4 f5 12. gxf5 gxf5 13. Rg1 Kh8 14. Qc2 c6 15.
O-O-O Bd7 16. f3 Nc7 17. Nb3 N5a6 18. Qd2 c5 19. Nxa5 f4 20. Nxb7 fxe3 21. Qxe3
Qf6 22. Kb1 Bh6 23. Qf2 Rfb8 24. Na5 Nb4 0-1

[Event "Ostravský koník 2014 - MÈR"]
[Site "Ostrava, CZE"]
[Date "2014.05.03"]
[Round "8"]
[White "Vokac, Marek"]
[Black "Hracek, Zbynek"]
[Result "1/2-1/2"]
[WhiteElo "2422"]
[BlackElo "2633"]
[PlyCount "87"]
[SourceDate "2002.02.19"]

1. d4 Nf6 2. c4 e6 3. Nf3 Bb4+ 4. Bd2 Qe7 5. g3 Bxd2+ 6. Nbxd2 d6 7. Bg2 O-O 8.
O-O e5 9. e4 Bg4 10. h3 Bxf3 11. Nxf3 c5 12. dxe5 dxe5 13. Nh4 g6 14. Qe1 Nc6
15. f4 Rad8 16. f5 Rd3 17. Rd1 Rfd8 18. Rxd3 Rxd3 19. g4 Nd4 20. Nf3 Qd6 21.
Kh2 Nxf3+ 22. Rxf3 Rxf3 23. Bxf3 Qd3 24. g5 Ne8 25. Qe2 Qd4 26. f6 h6 27. h4
hxg5 28. hxg5 Nd6 29. b3 Kf8 30. Bg2 Ke8 31. Qg4 Kd8 32. Bh3 Qd2+ 33. Kg3 Kc7
34. Bg2 Qxa2 35. Qd1 Qb2 36. Qd5 Qxb3+ 37. Bf3 Qc3 38. Qxc5+ Kd7 39. Kg2 Qd2+
40. Kh3 Qc3 41. Kg2 Qd2+ 42. Kh3 Qd4 43. Bg4+ Kd8 44. Kg2 1/2-1/2

[Event "Ostravský koník 2014 - MÈR"]
[Site "Ostrava, CZE"]
[Date "2014.05.03"]
[Round "8"]
[White "Petr, Martin"]
[Black "Krejci, Jan"]
[Result "1-0"]
[WhiteElo "2529"]
[BlackElo "2518"]
[PlyCount "97"]
[SourceDate "2002.02.19"]

1. Nf3 Nf6 2. g3 b5 3. Bg2 Bb7 4. Na3 a6 5. c4 b4 6. Nc2 e6 7. O-O a5 8. d4 Be7
9. b3 O-O 10. Bb2 Be4 11. Ne3 Na6 12. Ne5 Bxg2 13. Nxg2 Qe8 14. d5 Nc5 15. f3
Bd6 16. Nd3 e5 17. e4 Qe7 18. Kh1 Nxd3 19. Qxd3 Bc5 20. f4 d6 21. fxe5 dxe5 22.
Nh4 g6 23. Bc1 Ne8 24. Bh6 Ng7 25. Ng2 a4 26. Ne3 f6 27. Nc2 Rfb8 28. Be3 Ne8
29. Qd2 Ra5 30. Qf2 Kg7 31. g4 Bxe3 32. Qxe3 Rba8 33. Rac1 Rb8 34. Rf3 c5 35.
Rcf1 axb3 36. axb3 Ra2 37. Ne1 Rba8 38. Nd3 R8a5 39. g5 fxg5 40. Nxe5 Rxh2+ 41.
Kxh2 Qxe5+ 42. Kg1 Nd6 43. Rf6 Ra2 44. R6f2 Ra7 45. Qxc5 Re7 46. Qe3 Nxe4 47.
Re2 h5 48. Qd3 g4 49. Rfe1 1-0

[Event "Ostravský koník 2014 - MÈR"]
[Site "Ostrava, CZE"]
[Date "2014.05.03"]
[Round "8"]
[White "Babula, Vlastimil"]
[Black "Kociscak, Jiri"]
[Result "1-0"]
[WhiteElo "2553"]
[BlackElo "2434"]
[PlyCount "67"]
[SourceDate "2002.02.19"]

1. d4 f5 2. c4 Nf6 3. Nc3 d6 4. Bg5 Nbd7 5. Qc2 g6 6. O-O-O Bg7 7. h4 c5 8. e3
Qa5 9. Bd3 e5 10. dxe5 Nxe5 11. Nh3 O-O 12. Nf4 Nxd3+ 13. Rxd3 Ne4 14. Nxe4
fxe4 15. Ra3 Qc7 16. h5 Rf5 17. Nd5 Rxd5 18. cxd5 Bf5 19. g4 Bxg4 20. hxg6 hxg6
21. Qxe4 Qd7 22. Bh6 Bf5 23. Qh4 Bh8 24. Bf8 Be5 25. f4 Be4 26. Bxd6 Bg7 27.
Qh7+ Kf7 28. Be5 Rg8 29. Rd1 Qb5 30. Rxa7 Qc4+ 31. Bc3 Bxd5 32. Ra8 Rxa8 33.
Qxg7+ Ke8 34. b3 1-0

[Event "Ostravský koník 2014 - MÈR"]
[Site "Ostrava, CZE"]
[Date "2014.05.03"]
[Round "8"]
[White "Blatny, Pavel"]
[Black "Zilka, Stepan"]
[Result "0-1"]
[WhiteElo "2418"]
[BlackElo "2541"]
[PlyCount "150"]
[SourceDate "2002.02.19"]

1. d4 Nf6 2. Nf3 e6 3. c3 d5 4. Bf4 Bd6 5. Bg3 O-O 6. Nbd2 c5 7. e3 Nc6 8. Bd3
b6 9. Ne5 Bb7 10. f4 Ne7 11. Qf3 Nf5 12. Bf2 Be7 13. g4 Nd6 14. g5 Nfe4 15. Qh3
Nf5 16. Ndf3 Qc8 17. Bb5 Qc7 18. Rc1 a5 19. a4 c4 20. Bd7 Bc8 21. Bc6 Bb7 22.
Bd7 g6 23. Qg2 Rfd8 24. Bb5 Ng7 25. Ng4 Nh5 26. Qh3 Nd6 27. Nh6+ Kg7 28. Ne5
Rf8 29. Bg3 Nf5 30. Nhg4 Rh8 31. Nh6 Raf8 32. Kd2 Bd6 33. Rcg1 Bc8 34. Bf2 Bxe5
35. fxe5 Bd7 36. Ng4 Bxb5 37. axb5 Ra8 38. Nf6 a4 39. Ra1 Ra5 40. Kc2 Qa7 41.
Ra3 Rxb5 42. Rha1 Ra5 43. Nxh5+ gxh5 44. Qxh5 b5 45. Qf3 Qb7 46. Be1 Raa8 47.
Bd2 Rag8 48. Rg1 Kf8 49. Raa1 Rg6 50. Qf4 h6 51. h4 hxg5 52. hxg5 Rh4 53. Rg4
Rh3 54. Rg2 Rh4 55. Qf2 Qe7 56. Rag1 Ke8 57. Rh2 Rxg5 58. Rxh4 Nxh4 59. Rh1 Rg4
60. Qh2 Qg5 61. Kc1 Qf5 62. Rg1 Kd7 63. Rxg4 Qxg4 64. Qf2 Nf3 65. Qe2 Ke8 66.
Kb1 Kf8 67. Ka2 Nxe5 68. Qh2 Nf3 69. Qf2 Qf5 70. Qg2 Ke7 71. Bc1 Ng5 72. Qg3
Ne4 73. Qc7+ Kf6 74. Ka3 Qf1 75. Qd8+ Kg7 0-1

[Event "Ostravský koník 2014 - MÈR"]
[Site "Ostrava, CZE"]
[Date "2014.05.03"]
[Round "8"]
[White "Cvek, Robert"]
[Black "Kraus, Tomas"]
[Result "1-0"]
[WhiteElo "2519"]
[BlackElo "2326"]
[PlyCount "75"]
[SourceDate "2002.02.19"]

1. c4 c6 2. Nf3 Nf6 3. Nc3 d5 4. e3 e6 5. b3 Nbd7 6. Bb2 Bd6 7. Qc2 O-O 8. Be2
Qe7 9. O-O b6 10. cxd5 cxd5 11. Nb5 Ba6 12. Nfd4 Rfc8 13. Nc6 Qf8 14. Nxd6 Qxd6
15. Bxa6 Rxc6 16. Qd1 Rc7 17. d4 Nb8 18. Be2 a6 19. Rc1 Raa7 20. f3 Rxc1 21.
Qxc1 Rc7 22. Qd2 a5 23. Bd3 Nc6 24. Bb1 Rd7 25. Rc1 Rc7 26. Rd1 Rd7 27. Qe2 Qb8
28. Bc3 b5 29. Be1 Qb6 30. Bg3 Rd8 31. Rc1 g6 32. Bd3 b4 33. Bb5 Rc8 34. Ba4
Na7 35. Rxc8+ Nxc8 36. Qc2 Na7 37. Qc7 Qa6 38. Qd8+ 1-0

[Event "Ostravský koník 2014 - MÈR"]
[Site "Ostrava, CZE"]
[Date "2014.05.03"]
[Round "8"]
[White "Biolek, Richard"]
[Black "Haba, Petr"]
[Result "1-0"]
[WhiteElo "2418"]
[BlackElo "2498"]
[PlyCount "77"]
[SourceDate "2002.02.19"]

1. d4 d5 2. c4 c6 3. Nf3 Nf6 4. Nc3 dxc4 5. a4 Bf5 6. Nh4 e6 7. Nxf5 exf5 8. e3
Bb4 9. Bxc4 O-O 10. O-O Nbd7 11. Qc2 g6 12. f3 Rc8 13. Qb3 a5 14. Na2 Bd6 15.
e4 fxe4 16. Bh6 Qc7 17. f4 Nb6 18. Bxf8 Nxc4 19. Qxc4 Kxf8 20. Nc3 Re8 21. g3
Ng4 22. Rfe1 f5 23. Rac1 Qb6 24. Re2 Rd8 25. Rd1 Be7 26. Kg2 Nf6 27. d5 Qb4 28.
Qa2 c5 29. d6 Rxd6 30. Rxd6 Bxd6 31. Qe6 Be7 32. Rd2 c4 33. Qe5 Kf7 34. Kh3 Qc5
35. Nd5 Qd6 36. Qxd6 Bxd6 37. Nxf6 Bb4 38. Nxe4 fxe4 39. Re2 1-0

[Event "Ostravský koník 2014 - MÈR"]
[Site "Ostrava, CZE"]
[Date "2014.05.03"]
[Round "8"]
[White "Kislinsky, Alexey"]
[Black "Kanovsky, David"]
[Result "0-1"]
[WhiteElo "2483"]
[BlackElo "2416"]
[PlyCount "80"]
[SourceDate "2002.02.19"]

1. e4 c5 2. Nc3 Nc6 3. Bb5 Nd4 4. Nf3 Nxb5 5. Nxb5 d6 6. d4 Bg4 7. c4 a6 8. Nc3
cxd4 9. Qxd4 Rc8 10. Be3 e6 11. Nd2 Nf6 12. f3 Bh5 13. g4 Bg6 14. h4 h5 15. g5
Nd7 16. f4 e5 17. Qd5 exf4 18. Bxf4 Be7 19. O-O-O O-O 20. Qxb7 Rb8 21. Qd5 Qb6
22. Nb3 Nc5 23. Rh2 Nxb3+ 24. axb3 Rfc8 25. Rc2 Qxb3 26. c5 Rxc5 27. Qxb3 Rxb3
28. Bxd6 Bxd6 29. Rxd6 a5 30. Rd8+ Kh7 31. Rf8 Rb4 32. Rd2 Rxe4 33. Rdd8 Bf5
34. Rxf7 Rxh4 35. Rb8 Rg4 36. Rff8 Kg6 37. Rb7 Rxg5 38. Kd2 Re5 39. Nb5 Rg3 40.
Rd8 Rb3 0-1

[Event "Ostravský koník 2014 - MÈR"]
[Site "Ostrava, CZE"]
[Date "2014.05.03"]
[Round "8"]
[White "Plat, Vojtech"]
[Black "Kriebel, Tadeas"]
[Result "1/2-1/2"]
[WhiteElo "2456"]
[BlackElo "2366"]
[PlyCount "211"]
[SourceDate "2002.02.19"]

1. d4 d5 2. c4 e6 3. Nc3 Nf6 4. Nf3 Be7 5. e3 O-O 6. Bd3 dxc4 7. Bxc4 a6 8. O-O
b5 9. Bd3 Bb7 10. Qe2 Nbd7 11. b3 c5 12. Bb2 cxd4 13. exd4 Nb6 14. Rfc1 Nbd5
15. Nxd5 Qxd5 16. Rc2 Bd6 17. Rac1 Rfd8 18. h3 h6 19. Qe3 Ne4 20. Bf1 f6 21.
Ne1 Qf5 22. Nd3 Ng5 23. Be2 Qd5 24. f3 Qf5 25. f4 Qe4 26. Qg3 Rac8 27. Bf1 Qd5
28. Qe3 Qe4 29. Qd2 Nf7 30. Rxc8 Rxc8 31. Rxc8+ Bxc8 32. Be2 Qc6 33. Bf3 Qc7
34. Qe3 Bd7 35. Qe4 Nd8 36. d5 exd5 37. Qg6 Be6 38. Bxf6 Qf7 39. Qxf7+ Nxf7 40.
Bd4 Kf8 41. g4 g6 42. Kf2 Nd8 43. Ne5 Bxe5 44. Bxe5 Nc6 45. Ke3 Kf7 46. Bd6 Kg7
47. Bc5 Nd8 48. Be2 Nc6 49. Bd3 Bc8 50. b4 Kf7 51. a3 Kg7 52. f5 gxf5 53. gxf5
Kf7 54. Kf4 Kf6 55. Bf2 Bd7 56. Bb1 Bc8 57. Bh4+ Kg7 58. Ba2 Nd4 59. f6+ Kf7
60. Bf2 Nc2 61. Ke5 Bb7 62. Bb3 Nxa3 63. Bd4 Nc4+ 64. Kf4 Bc8 65. Bd1 Be6 66.
Be2 Kg8 67. h4 Kf7 68. Bh5+ Kg8 69. Be8 Kf8 70. Bg6 Kg8 71. Bc3 Kf8 72. Kf3 Kg8
73. Ke2 Bf7 74. Bf5 Nd6 75. Bh3 Bg6 76. Ke3 Kf7 77. Kd4 Ne4 78. Bc8 Nxc3 79.
Kxc3 Kxf6 80. Kd4 Be4 81. Bxa6 Ke6 82. Bxb5 Kd6 83. Be8 Bc2 84. Bb5 Bf5 85. Be2
Bd7 86. Bf3 Bc6 87. Bg2 Bb7 88. b5 Ba8 89. Bh3 Bb7 90. Bg4 Ba8 91. Bc8 Kc7 92.
Bf5 Kb6 93. Bd3 Bb7 94. Bf1 Ba8 95. Ke5 Kc5 96. Be2 d4 97. Bd3 Bb7 98. b6 Kxb6
99. Kxd4 Kc7 100. Ke5 Kd7 101. Kf6 Ke8 102. Kg7 Bf3 103. Bg6+ Ke7 104. h5 Bxh5
105. Kxh6 Bxg6 106. Kxg6 1/2-1/2

[Event "Ostravský koník 2014 - MÈR"]
[Site "Ostrava, CZE"]
[Date "2014.05.03"]
[Round "8"]
[White "Dolezal, Radoslav"]
[Black "Rasik, Vitezslav"]
[Result "1/2-1/2"]
[WhiteElo "2344"]
[BlackElo "2456"]
[PlyCount "33"]
[SourceDate "2002.02.19"]

1. d4 d6 2. g3 g6 3. Bg2 Bg7 4. e4 Nf6 5. Ne2 O-O 6. O-O e5 7. dxe5 dxe5 8.
Nbc3 Nbd7 9. a4 b6 10. b3 Bb7 11. Ba3 Re8 12. Qc1 Bf8 13. Rd1 Bxa3 14. Qxa3 a5
15. Bh3 Qe7 16. Qxe7 Rxe7 17. f3 1/2-1/2

[Event "Ostravský koník 2014 - MÈR"]
[Site "Ostrava, CZE"]
[Date "2014.05.03"]
[Round "8"]
[White "Simacek, Pavel"]
[Black "Adamek, Jiri"]
[Result "1-0"]
[WhiteElo "2469"]
[BlackElo "2301"]
[PlyCount "83"]
[SourceDate "2002.02.19"]

1. e4 c5 2. Nf3 e6 3. b3 d6 4. Bb2 e5 5. Bb5+ Nd7 6. d3 a6 7. Bxd7+ Bxd7 8. Nc3
Nf6 9. Nd2 Be7 10. Nf1 O-O 11. Ne3 g6 12. O-O Nh5 13. Ncd5 Bg5 14. a3 Be6 15.
b4 Bxe3 16. Nxe3 f6 17. bxc5 dxc5 18. c4 Rc8 19. Qc2 Qd7 20. f3 Rfd8 21. Rad1
b5 22. Bc3 Qf7 23. Ba5 Re8 24. Rb1 Bd7 25. Nd5 Nf4 26. Nc7 bxc4 27. dxc4 Rf8
28. Nd5 Rb8 29. Rxb8 Rxb8 30. Nxf4 exf4 31. Bc7 Rc8 32. Bxf4 Be6 33. Rc1 Qd7
34. Rd1 Qf7 35. Rc1 Qd7 36. Be3 Rb8 37. Qc3 Qf7 38. Bxc5 Rc8 39. Qd4 Qd7 40.
Bd6 Kf7 41. c5 Qb5 42. c6 1-0

[Event "Ostravský koník 2014 - MÈR"]
[Site "Ostrava, CZE"]
[Date "2014.05.03"]
[Round "8"]
[White "Jansa, Vlastimil"]
[Black "Sabol, Marian"]
[Result "1-0"]
[WhiteElo "2455"]
[BlackElo "2295"]
[PlyCount "53"]
[SourceDate "2002.02.19"]

1. e4 c5 2. Nf3 d6 3. d4 cxd4 4. Nxd4 Nf6 5. Nc3 a6 6. Bd3 g6 7. O-O Bg7 8. Re1
O-O 9. Bf1 Bg4 10. Qd3 Nbd7 11. b3 e5 12. Nde2 Nc5 13. Qe3 b5 14. a3 Bc8 15. b4
Ne6 16. Bb2 Nd4 17. Nxd4 Ng4 18. Nc6 Nxe3 19. Nxd8 Nxc2 20. Nc6 Re8 21. Nd5
Nxa1 22. Rxa1 Bb7 23. Rc1 Bxc6 24. Rxc6 Red8 25. g3 Bf8 26. Bh3 Ra7 27. Bc1 1-0

[Event "Ostravský koník 2014 - MÈR"]
[Site "Ostrava, CZE"]
[Date "2014.05.03"]
[Round "8"]
[White "Konopka, Michal"]
[Black "Kuba, Jindrich"]
[Result "0-1"]
[WhiteElo "2408"]
[BlackElo "2239"]
[PlyCount "74"]
[SourceDate "2002.02.19"]

1. Nf3 Nf6 2. c4 e6 3. g3 d5 4. d4 dxc4 5. Qa4+ c6 6. Qxc4 b5 7. Qb3 Bb7 8. Bg2
Nbd7 9. O-O Be7 10. Nc3 O-O 11. Ne5 Nd5 12. Nxd7 Qxd7 13. Ne4 f5 14. Nc3 Bf6
15. Rd1 a5 16. e3 a4 17. Qc2 Rfd8 18. Nxd5 cxd5 19. Bd2 Rdc8 20. Qd3 Be7 21. b3
b4 22. Rac1 Ba6 23. Rxc8+ Qxc8 24. Qb1 axb3 25. Rc1 bxa2 26. Qxa2 Qb7 27. Qb2
Bd3 28. Bf1 Bxf1 29. Kxf1 b3 30. Rb1 Ra2 31. Qc3 b2 32. Ke2 Ba3 33. Kd1 Qa6 34.
Kc2 Ra1 35. Qb3 Rxb1 36. Kxb1 Qf1+ 37. Kc2 Qc1+ 0-1

[Event "Ostravský koník 2014 - MÈR"]
[Site "Ostrava, CZE"]
[Date "2014.05.03"]
[Round "8"]
[White "Zwardon, Vojtech"]
[Black "Marek, Matyas"]
[Result "1-0"]
[WhiteElo "2391"]
[BlackElo "2110"]
[PlyCount "65"]
[SourceDate "2002.02.19"]

1. c4 e5 2. g3 Nf6 3. Bg2 d5 4. cxd5 Nxd5 5. Nf3 Nc6 6. O-O Be7 7. d4 exd4 8.
Nxd4 Nxd4 9. Qxd4 Nf6 10. Qa4+ c6 11. Rd1 Qb6 12. Be3 Bc5 13. Bxc5 Qxc5 14. Nc3
O-O 15. Rd2 Bf5 16. Rad1 Rfe8 17. h3 h6 18. Qf4 Qe5 19. Qb4 Qe7 20. Qf4 Qe5 21.
Qxe5 Rxe5 22. e4 Be6 23. f4 Ra5 24. a4 Bb3 25. Rd8+ Rxd8 26. Rxd8+ Kh7 27. e5
Nd5 28. Be4+ g6 29. Bxd5 Bxd5 30. Rd7 Kg8 31. b4 Ra6 32. Rxb7 Kf8 33. a5 1-0

[Event "Ostravský koník 2014 - MÈR"]
[Site "Ostrava, CZE"]
[Date "2014.05.03"]
[Round "8"]
[White "Hausner, Ivan"]
[Black "Sikorova, Olga"]
[Result "1/2-1/2"]
[WhiteElo "2370"]
[BlackElo "2288"]
[PlyCount "107"]
[SourceDate "2002.02.19"]

1. d4 Nf6 2. c4 e6 3. Nc3 d5 4. Bg5 Be7 5. Nf3 O-O 6. e3 b6 7. cxd5 exd5 8. Qc2
c5 9. Bd3 Nbd7 10. Ne5 Bb7 11. Nxd7 Qxd7 12. Bxf6 Bxf6 13. Bxh7+ Kh8 14. Bf5
Qd6 15. O-O cxd4 16. exd4 g6 17. Bh3 Kg7 18. Rad1 Ba6 19. Rfe1 Rh8 20. Qb3 Bc4
21. Qa4 Rh4 22. Qd7 Qxd7 23. Bxd7 Rxd4 24. Bc6 Rxd1 25. Rxd1 Rc8 26. Bxd5 Bxd5
27. Rxd5 Bxc3 28. bxc3 Rxc3 29. g3 Ra3 30. Rd2 g5 31. Kg2 f5 32. Kf1 Kf6 33.
Re2 b5 34. Ke1 g4 35. Kf1 a5 36. Kg2 b4 37. h4 gxh3+ 38. Kxh3 a4 39. f4 Rc3 40.
Re5 Rc2 41. Rb5 Rxa2 42. Rxb4 Ra3 43. Rb6+ Ke7 44. Ra6 Kf7 45. Kh4 Ke7 46. g4
fxg4 47. Kxg4 Ra1 48. Kf5 a3 49. Re6+ Kf7 50. Re3 Ra2 51. Rb3 Ke7 52. Rb7+ Kd6
53. Ra7 Kc5 54. Ke4 1/2-1/2

[Event "Ostravský koník 2014 - MÈR"]
[Site "Ostrava, CZE"]
[Date "2014.05.03"]
[Round "8"]
[White "Sobek, Jaroslav"]
[Black "Dobrovolsky, Ladislav"]
[Result "1/2-1/2"]
[WhiteElo "2327"]
[BlackElo "2334"]
[PlyCount "71"]
[SourceDate "2002.02.19"]

1. d4 d5 2. c4 c6 3. Nf3 Nf6 4. Nc3 g6 5. Bf4 Bg7 6. e3 O-O 7. Be2 dxc4 8. Bxc4
Nbd7 9. h3 Nb6 10. Bb3 Nbd5 11. Bh2 Nxc3 12. bxc3 Qa5 13. Rc1 b6 14. Ne5 Bb7
15. O-O c5 16. Qc2 Rac8 17. Qb2 c4 18. Bd1 Rfd8 19. Be2 Qa4 20. Rb1 Ne4 21.
Rfc1 f6 22. Nf3 Rd5 23. Qb4 Qxb4 24. Rxb4 b5 25. a4 a6 26. Ne1 Bc6 27. axb5
axb5 28. Bf3 f5 29. Bxe4 fxe4 30. Ra1 e5 31. Nc2 exd4 32. exd4 Rd7 33. Rbb1 Bh6
34. Ne3 Bxe3 35. fxe3 Kf7 36. Rb2 1/2-1/2

[Event "Ostravský koník 2014 - MÈR"]
[Site "Ostrava, CZE"]
[Date "2014.05.03"]
[Round "8"]
[White "OlÅ¡arovÃ¡, Tereza"]
[Black "Voloshin, Leonid"]
[Result "1/2-1/2"]
[WhiteElo "2260"]
[BlackElo "2391"]
[PlyCount "24"]
[SourceDate "2002.02.19"]

1. e4 e5 2. Nf3 Nc6 3. Bb5 Nf6 4. O-O Nxe4 5. Re1 Nd6 6. Nxe5 Be7 7. Bf1 Nxe5
8. Rxe5 O-O 9. d4 Bf6 10. Re1 Re8 11. Rxe8+ Nxe8 12. Bf4 d5 1/2-1/2

[Event "Ostravský koník 2014 - MÈR"]
[Site "Ostrava, CZE"]
[Date "2014.05.03"]
[Round "8"]
[White "Kulovana, Eva"]
[Black "Studnicka, Tomas"]
[Result "1/2-1/2"]
[WhiteElo "2250"]
[BlackElo "2374"]
[PlyCount "78"]
[SourceDate "2002.02.19"]

1. e4 e5 2. Nf3 Nc6 3. Bb5 a6 4. Bxc6 dxc6 5. d4 exd4 6. Qxd4 Qxd4 7. Nxd4 Nf6
8. f3 c5 9. Ne2 Bd7 10. Nbc3 Bc6 11. Bg5 Be7 12. Rd1 Rd8 13. O-O h6 14. Bf4 Rd7
15. Ng3 g6 16. Be5 Rg8 17. Nge2 Kd8 18. Nf4 Kc8 19. Rxd7 Kxd7 20. Rd1+ Kc8 21.
Nfd5 Nxd5 22. Nxd5 Bd8 23. Bxc7 Bxd5 24. Bxd8 Bxe4 25. Bb6 Bxc2 26. Rc1 Ba4 27.
Rxc5+ Bc6 28. Re5 Bd7 29. Re7 Be6 30. a4 g5 31. Kf2 Kb8 32. Bc7+ Kc8 33. a5 h5
34. g3 Rg6 35. Bb6 Rf6 36. Ke3 g4 37. f4 Rf5 38. Rc7+ Kb8 39. Rc5 Rxc5 1/2-1/2

[Event "Ostravský koník 2014 - MÈR"]
[Site "Ostrava, CZE"]
[Date "2014.05.03"]
[Round "8"]
[White "Bartos, Jan"]
[Black "Lechtynsky, Jiri"]
[Result "1/2-1/2"]
[WhiteElo "2232"]
[BlackElo "2365"]
[PlyCount "25"]
[SourceDate "2002.02.19"]

1. d4 Nf6 2. c4 e6 3. Nf3 Bb4+ 4. Bd2 Qe7 5. g3 Nc6 6. Nc3 Bxc3 7. Bxc3 Ne4 8.
Rc1 d6 9. d5 Nxc3 10. Rxc3 Nd8 11. dxe6 Nxe6 12. Bg2 O-O 13. O-O 1/2-1/2

[Event "Ostravský koník 2014 - MÈR"]
[Site "Ostrava, CZE"]
[Date "2014.05.03"]
[Round "8"]
[White "Michenka, Jozef"]
[Black "Szotkowski, Jakub"]
[Result "0-1"]
[WhiteElo "2353"]
[BlackElo "2161"]
[PlyCount "76"]
[SourceDate "2002.02.19"]

1. d4 Nf6 2. c4 c5 3. d5 b5 4. cxb5 a6 5. bxa6 g6 6. Nc3 Bxa6 7. Nf3 d6 8. e4
Bxf1 9. Kxf1 Bg7 10. g3 Nbd7 11. Kg2 O-O 12. Re1 Qa5 13. Qc2 Rfb8 14. Bd2 Ng4
15. Re2 Qa6 16. Bf4 Rxb2 17. Qxb2 Bxc3 18. Qxc3 Qxe2 19. Be3 Rxa2 20. Rxa2 Qxa2
21. Nd2 Nxe3+ 22. Qxe3 Ne5 23. Qc3 f5 24. f3 fxe4 25. fxe4 Nc4 26. Qxc4 Qxd2+
27. Kh3 Qd4 28. Qe2 Kg7 29. Qg4 h5 30. Qe6 Qf6 31. Qc8 Qf1+ 32. Kh4 Qe2 33. h3
Qxe4+ 34. g4 Qe1+ 35. Kg5 Qe5+ 36. Kh4 Qf6+ 37. Kg3 h4+ 38. Kg2 Qe5 0-1